<?xml version="1.0" encoding="UTF-8"?>
<record
    xmlns:xsi="http://www.w3.org/2001/XMLSchema-instance"
    xsi:schemaLocation="http://www.loc.gov/MARC21/slim http://www.loc.gov/standards/marcxml/schema/MARC21slim.xsd"
    xmlns="http://www.loc.gov/MARC21/slim">

  <leader>00759nam a22002177a 4500</leader>
  <controlfield tag="005">20231102151601.0</controlfield>
  <controlfield tag="008">130814t2011    M  D   e |||| 00| 0 S   d</controlfield>
  <datafield tag="020" ind1=" " ind2=" ">
    <subfield code="a">978-970-07-7550-0</subfield>
  </datafield>
  <datafield tag="050" ind1=" " ind2=" ">
    <subfield code="a">KGF4605  O77</subfield>
  </datafield>
  <datafield tag="100" ind1="1" ind2="0">
    <subfield code="a">ORTEGA CARRE&#xD3;N, Carlos Alberto, autor</subfield>
  </datafield>
  <datafield tag="245" ind1="1" ind2="0">
    <subfield code="a">Derecho procesal fiscal</subfield>
    <subfield code="c"> / Carlos Alberto Ortega Carre&#xF3;n</subfield>
  </datafield>
  <datafield tag="250" ind1=" " ind2=" ">
    <subfield code="a">2a edici&#xF3;n.</subfield>
  </datafield>
  <datafield tag="260" ind1=" " ind2=" ">
    <subfield code="a">M&#xE9;xico</subfield>
    <subfield code="b"> : Porr&#xFA;a</subfield>
    <subfield code="c"> , 2011</subfield>
  </datafield>
  <datafield tag="300" ind1=" " ind2=" ">
    <subfield code="a">xi, 446 p&#xE1;ginas.</subfield>
    <subfield code="b"> : diagrs., cuadros.</subfield>
    <subfield code="c"> ; 23 cm.</subfield>
  </datafield>
  <datafield tag="500" ind1=" " ind2=" ">
    <subfield code="a">Educaci&#xF3;n Mixta.</subfield>
  </datafield>
  <datafield tag="500" ind1=" " ind2=" ">
    <subfield code="a">Incluye: &#xED;ndice general y bibliograf&#xED;a. </subfield>
  </datafield>
  <datafield tag="650" ind1="1" ind2="0">
    <subfield code="2">TRIBUNALES FISCALES</subfield>
    <subfield code="v">M&#xC9;XICO</subfield>
  </datafield>
  <datafield tag="650" ind1="2" ind2="0">
    <subfield code="2">IMPUESTOS</subfield>
    <subfield code="v">PROTESTAS Y APELACIONES</subfield>
    <subfield code="x">M&#xC9;XICO</subfield>
  </datafield>
  <datafield tag="650" ind1="3" ind2="0">
    <subfield code="2">ADMINISTRACI&#xD3;N Y PROCEDIMIENTOS DE IMPUESTOS</subfield>
    <subfield code="v">M&#xC9;XICO</subfield>
  </datafield>
  <datafield tag="942" ind1=" " ind2=" ">
    <subfield code="c">LB</subfield>
  </datafield>
  <datafield tag="952" ind1=" " ind2=" ">
    <subfield code="0">0</subfield>
    <subfield code="1">0</subfield>
    <subfield code="2">lcc</subfield>
    <subfield code="4">0</subfield>
    <subfield code="7">0</subfield>
    <subfield code="a">09</subfield>
    <subfield code="b">09</subfield>
    <subfield code="d">2013-08-14</subfield>
    <subfield code="l">1</subfield>
    <subfield code="o">KGF4605  O77</subfield>
    <subfield code="p">09 001628</subfield>
    <subfield code="r">2019-05-11</subfield>
    <subfield code="s">2019-05-11</subfield>
    <subfield code="t">1</subfield>
    <subfield code="w">2013-08-14</subfield>
    <subfield code="y">LB</subfield>
  </datafield>
  <datafield tag="999" ind1=" " ind2=" ">
    <subfield code="c">90385</subfield>
    <subfield code="d">90385</subfield>
  </datafield>
</record>
